La cultura del control: crimen y orden social en la sociedad contemporánea (Registro nro. 7408)

Detalles MARC
000 -Cabecera
Campo de control de longitud fija 00668nam a22002537a 4500
005 - Fecha y hora de la última transacción
Campo de control 20260217161617.0
008 - Elementos de longitud fija--Información general
Campo de control de longitud fija 160118b2012 xxu||||| |||| 00| | spa d
020 ## - International Standard Book Number
Número Internacional Estándar del Libro (ISBN) 9788497840408
041 ## - Idioma
Código de idioma Español
082 ## - Clasificación Decimal Dewey
Número de clasificación 364 G233c
100 ## - Entrada principal--Autor personal
Nombre personal Garland, David
9 (RLIN) 1383
245 ## - Título propiamente dicho
Título La cultura del control: crimen y orden social en la sociedad contemporánea
260 ## - Pie de imprenta
Lugar de publicación, distribución, etc. España
260 ## - Pie de imprenta
Nombre del editor, distribuidor, etc. Gedisa
260 ## - Pie de imprenta
Fecha de publicación, distribución, etc. 2012
300 ## - Descripción física
Extensión 462 páginas
490 ## - Serie
Título de la Serie Investigación Criminal
650 ## - Materia general
Temática (materia general) CRIMINOLOGÍA
650 ## - Materia general
Temática (materia general) SOCIOLOGÍA CRIMINAL
650 ## - Materia general
Temática (materia general) JUSTICIA PENAL
650 ## - Materia general
Temática (materia general) CONTROL DEL DELITO
650 ## - Materia general
Temática (materia general) DISCURSO POLITICO
942 ## - Punto de acceso adicional KOHA
Tipo de ítem KOHA Libro
Fuente del sistema de clasificación o colocación Dewey Decimal Classification
Existencias
Signatura completa Código de barras Programa Académico Tipo de ítem
364 G233c 19763 Investigación Criminal Libro